Foreign-Born Population: Portugal Quiz Stats

 Plays Quiz Updated Nov 14, 2018

     
Support Sporcle.
Go Orange.
Score 0/20 Timer 05:00
5 Plays Today
Foreign-Born Population Country % Correct
18,030Spain
97.9%
10,556France
92.2%
66,354Brazil
91.3%
23,608United Kingdom
91.1%
8,264United States
89.7%
15,498Germany
84.2%
5,985Italy
81.5%
10,448China
76.9%
5,114Russia
69.4%
4,104India
61%
Foreign-Born Population Country % Correct
6,589Netherlands
47.8%
32,728Angola
43.3%
19,155Romania
43.2%
5,681Mozambique
36.3%
5,028Bulgaria
31.5%
39,480Ukraine
28.3%
63,925Cabo Verde
26.7%
10,627São Tomé and Príncipe
18.3%
23,733Guinea-Bissau
17%
14,053Moldova
16.8%

From the Vault

US Presidential Election 1992: Match-Up

by jakethegoldfish

History 4m
Do the results count as spoilers when it happened decades ago?
Remove Ads.
Support Sporcle.
Get the best of Sporcle when you Go Orange. This ad-free experience offers more features, more stats, and more fun while also helping to support Sporcle. Thank you for becoming a member.

Show Comments

Extras

Top Quizzes Today


Score Distribution

Your Account Isn't Verified!

In order to create a playlist on Sporcle, you need to verify the email address you used during registration. Go to your Sporcle Settings to finish the process.

Report this User

Report this user for behavior that violates our Community Guidelines.

Details: